Mongolia : Background Material.

This paper describes economic developments in Mongolia during the 1990s. Real GDP growth accelerated to 6 percent in 1995, the second year of positive growth since the transition to a market economy commenced. The main impetus to growth was again provided by the strong performance of agriculture, in...

Ausführliche Beschreibung

Bibliographische Detailangaben
Körperschaft: International Monetary Fund
Format: Zeitschrift
Sprache:English
Veröffentlicht: Washington, D.C. : International Monetary Fund, 1996.
Schriftenreihe:IMF Staff Country Reports; Country Report ; No. 1996/024
Online Zugang:Full text available on IMF
LEADER 01645cas a2200241 a 4500
001 AALejournalIMF010791
008 230101c9999 xx r poo 0 0eng d
020 |c 5.00 USD 
020 |z 9781451826753 
022 |a 1934-7685 
040 |a BD-DhAAL  |c BD-DhAAL 
110 2 |a International Monetary Fund. 
245 1 0 |a Mongolia :   |b Background Material. 
264 1 |a Washington, D.C. :  |b International Monetary Fund,  |c 1996. 
300 |a 1 online resource (92 pages) 
490 1 |a IMF Staff Country Reports 
500 |a <strong>Off-Campus Access:</strong> No User ID or Password Required 
500 |a <strong>On-Campus Access:</strong> No User ID or Password Required 
506 |a Electronic access restricted to authorized BRAC University faculty, staff and students 
520 3 |a This paper describes economic developments in Mongolia during the 1990s. Real GDP growth accelerated to 6 percent in 1995, the second year of positive growth since the transition to a market economy commenced. The main impetus to growth was again provided by the strong performance of agriculture, industry, mining, and construction. There was a record increase in livestock population, mainly in the more valuable cashmere goats. The number of new private industrial enterprises continued to grow, while ownership and management changes at some large state-owned enterprises helped stem the decline of output in that sector. 
538 |a Mode of access: Internet 
830 0 |a IMF Staff Country Reports; Country Report ;  |v No. 1996/024 
856 4 0 |z Full text available on IMF  |u http://elibrary.imf.org/view/journals/002/1996/024/002.1996.issue-024-en.xml  |z IMF e-Library